[Event "Team Championship of Russia (rapid)"]
[Site "Sochi"]
[Date "2015.05.09"]
[Round "6.22"]
[White "Ivanov, Alexander Al."]
[Black "Bryzgalin, Kirill"]
[Result "1/2-1/2"]
[LiveChessVersion "1.4.4"]
[BlackElo "2588"]
[WhiteElo "2407"]
[WhiteTeam "SHK Rakita"]

1. e4 {[%clk 0:15:19]} e5 {[%clk 0:15:19]} 2. Nf3 {[%clk 0:15:28]} Nc6
{[%clk 0:15:27]} 3. Bb5 {[%clk 0:15:37]} a6 {[%clk 0:15:35]} 4. Bxc6
{[%clk 0:15:46]} dxc6 {[%clk 0:15:43]} 5. O-O {[%clk 0:15:55]} Qd6
{[%clk 0:15:50]} 6. d4 {[%clk 0:16:00]} exd4 {[%clk 0:15:55]} 7. Nxd4
{[%clk 0:15:59]} c5 {[%clk 0:16:04]} 8. Nf5 {[%clk 0:15:26]} Qxd1
{[%clk 0:16:00]} 9. Rxd1 {[%clk 0:15:35]} Bd7 {[%clk 0:15:20]} 10. Nc3
{[%clk 0:15:33]} O-O-O {[%clk 0:15:24]} 11. Bg5 {[%clk 0:15:39]} f6
{[%clk 0:13:33]} 12. Bf4 {[%clk 0:15:43]} Bxf5 {[%clk 0:10:17]} 13. Rxd8+
{[%clk 0:15:47]} Kxd8 {[%clk 0:10:26]} 14. exf5 {[%clk 0:15:56]} Ne7
{[%clk 0:10:30]} 15. Rd1+ {[%clk 0:16:04]} Kc8 {[%clk 0:10:39]} 16. g4
{[%clk 0:15:23]} h5 {[%clk 0:10:37]} 17. h3 {[%clk 0:15:20]} hxg4
{[%clk 0:10:39]} 18. hxg4 {[%clk 0:15:28]} Rh4 {[%clk 0:10:41]} 19. f3
{[%clk 0:15:30]} Nxf5 {[%clk 0:10:42]} 20. Nd5 {[%clk 0:12:50]} Nd6
{[%clk 0:09:50]} 21. Ne3 {[%clk 0:08:44]} Rh7 {[%clk 0:09:13]} 22. Kg2
{[%clk 0:07:12]} Kd7 {[%clk 0:08:51]} 23. Rd5 {[%clk 0:06:37]} b6
{[%clk 0:08:14]} 24. Rd1 {[%clk 0:05:56]} Kc6 {[%clk 0:07:51]} 25. Nd5
{[%clk 0:05:04]} Rh8 {[%clk 0:07:19]} 26. a4 {[%clk 0:05:06]} c4 {[%clk 0:05:55]}
27. Nb4+ {[%clk 0:04:13]} Kb7 {[%clk 0:06:02]} 28. Nd5 {[%clk 0:04:20]} b5
{[%clk 0:03:53]} 29. axb5 {[%clk 0:04:27]} axb5 {[%clk 0:04:00]} 30. Ra1
{[%clk 0:04:07]} c6 {[%clk 0:03:43]} 31. Ne3 {[%clk 0:04:03]} g6 {[%clk 0:03:35]}
32. Rd1 {[%clk 0:04:00]} Kc7 {[%clk 0:03:33]} 33. Ra1 {[%clk 0:04:09]} Kd7
{[%clk 0:03:11]} 34. Ra7+ {[%clk 0:04:06]} Ke6 {[%clk 0:03:18]} 35. Rc7
{[%clk 0:04:06]} Be7 {[%clk 0:03:18]} 36. Rxc6 {[%clk 0:04:13]} Rc8
{[%clk 0:02:44]} 37. Rb6 {[%clk 0:04:09]} Rc5 {[%clk 0:02:51]} 38. c3
{[%clk 0:04:11]} Kd7 {[%clk 0:02:45]} 39. Nc2 {[%clk 0:03:53]} Rc6
{[%clk 0:02:54]} 40. Rb8 {[%clk 0:03:36]} Rc8 {[%clk 0:02:51]} 41. Bxd6
{[%clk 0:03:07]} Bxd6 {[%clk 0:03:00]} 42. Rxb5 {[%clk 0:03:16]} Rh8
{[%clk 0:03:09]} 43. Ne3 {[%clk 0:03:13]} Kc6 {[%clk 0:03:17]} 44. Ra5
{[%clk 0:03:18]} Rh2+ {[%clk 0:03:03]} 45. Kg1 {[%clk 0:03:11]} Re2
{[%clk 0:02:05]} 46. Ra6+ {[%clk 0:02:43]} Kc5 {[%clk 0:01:17]} 47. Ra5+
{[%clk 0:02:10]} Kc6 {[%clk 0:01:26]} 48. Nxc4 {[%clk 0:02:12]} Bf4
{[%clk 0:01:33]} 49. Ra6+ {[%clk 0:02:07]} Kc5 {[%clk 0:01:38]} 50. Rxf6
{[%clk 0:02:15]} g5 {[%clk 0:01:47]} 51. Kf1 {[%clk 0:01:27]} Rc2
{[%clk 0:01:51]} 52. Na5 {[%clk 0:01:13]} Kb5 {[%clk 0:01:35]} 53. Rf5+
{[%clk 0:01:20]} Ka4 {[%clk 0:01:43]} 54. Nc4 {[%clk 0:00:37]} Kb3
{[%clk 0:01:49]} 55. Ne5 {[%clk 0:00:32]} Be3 {[%clk 0:01:07]} 56. Nd3
{[%clk 0:00:29]} Kc4 {[%clk 0:01:13]} 57. Ne5+ {[%clk 0:00:35]} Kb3
{[%clk 0:01:22]} 58. Ke1 {[%clk 0:00:41]} Rxb2 {[%clk 0:01:27]} 59. Nd3
{[%clk 0:00:48]} Rh2 {[%clk 0:01:34]} 60. Nc5+ {[%clk 0:00:34]} Kxc3
{[%clk 0:01:19]} 61. Ne4+ {[%clk 0:00:43]} Kd3 {[%clk 0:01:27]} 62. Kf1
{[%clk 0:00:49]} Rc2 {[%clk 0:00:59]} 63. Rd5+ {[%clk 0:00:51]} Kc4
{[%clk 0:01:08]} 64. Rf5 {[%clk 0:01:00]} Kd3 {[%clk 0:01:15]} 65. Rd5+
{[%clk 0:01:09]} Kc4 {[%clk 0:01:25]} 66. Ra5 {[%clk 0:01:10]} Kd3
{[%clk 0:01:28]} 67. Rd5+ {[%clk 0:01:08]} Kc4 {[%clk 0:01:36]} 68. Rf5
{[%clk 0:01:11]} 1/2-1/2

[Event "Team Championship of Russia (rapid)"]
[Site "Sochi"]
[Date "2015.05.09"]
[Round "6.23"]
[White "Lugovskoy, Maxim"]
[Black "Khoroshilov, Nikita"]
[Result "0-1"]
[LiveChessVersion "1.4.4"]
[BlackElo "2283"]
[WhiteElo "2445"]
[BlackTeam "SHK Rakita"]

1. e4 {[%clk 0:15:19]} d6 {[%clk 0:15:16]} 2. d4 {[%clk 0:15:28]} g6
{[%clk 0:15:24]} 3. Nc3 {[%clk 0:15:37]} Nf6 {[%clk 0:15:27]} 4. Nf3
{[%clk 0:15:45]} Bg7 {[%clk 0:15:36]} 5. Bc4 {[%clk 0:15:54]} O-O
{[%clk 0:15:36]} 6. O-O {[%clk 0:16:03]} c6 {[%clk 0:14:39]} 7. a4
{[%clk 0:16:07]} d5 {[%clk 0:14:32]} 8. exd5 {[%clk 0:15:44]} cxd5
{[%clk 0:14:18]} 9. Bd3 {[%clk 0:15:39]} Nc6 {[%clk 0:14:03]} 10. h3
{[%clk 0:15:42]} Nb4 {[%clk 0:14:02]} 11. Re1 {[%clk 0:15:30]} Nxd3
{[%clk 0:12:46]} 12. cxd3 {[%clk 0:15:39]} e6 {[%clk 0:11:51]} 13. Bf4
{[%clk 0:14:58]} b6 {[%clk 0:08:25]} 14. Nb5 {[%clk 0:14:06]} Ne8
{[%clk 0:08:33]} 15. Qb3 {[%clk 0:14:00]} Ba6 {[%clk 0:08:29]} 16. Rec1
{[%clk 0:14:06]} Bxb5 {[%clk 0:07:00]} 17. axb5 {[%clk 0:14:08]} Nd6
{[%clk 0:05:54]} 18. Qb4 {[%clk 0:13:39]} Nf5 {[%clk 0:05:55]} 19. Rc6
{[%clk 0:12:35]} Nh4 {[%clk 0:04:06]} 20. Ne5 {[%clk 0:12:09]} Qf6
{[%clk 0:03:36]} 21. Bg3 {[%clk 0:11:54]} Nf5 {[%clk 0:03:29]} 22. Bh2
{[%clk 0:11:29]} Nh4 {[%clk 0:02:38]} 23. Qd2 {[%clk 0:10:41]} Qf5
{[%clk 0:00:36]} 24. Rc7 {[%clk 0:10:36]} Bxe5 {[%clk 0:00:25]} 25. Bxe5
{[%clk 0:10:37]} Qxh3 {[%clk 0:00:15]} 26. Qg5 {[%clk 0:10:11]} h6
{[%clk 0:00:12]} 27. gxh3 {[%clk 0:09:02]} hxg5 {[%clk 0:00:15]} 28. Bf6
{[%clk 0:09:12]} Rfc8 {[%clk 0:00:14]} 29. Raxa7 {[%clk 0:09:16]} Nf5
{[%clk 0:00:15]} 30. Rxa8 {[%clk 0:07:56]} Rxa8 {[%clk 0:00:23]} 31. Rb7
{[%clk 0:08:05]} Kf8 {[%clk 0:00:12]} 32. Rxb6 {[%clk 0:08:13]} Ke8
{[%clk 0:00:18]} 33. Ra6 {[%clk 0:07:34]} Rb8 {[%clk 0:00:17]} 34. b6 Kd7 35.
Bxg5 {[%clk 0:06:02]} Kc6 {[%clk 0:00:27]} 36. Ra7 {[%clk 0:05:41]} Rb7
{[%clk 0:00:26]} 37. Ra8 {[%clk 0:05:13]} Rxb6 {[%clk 0:00:23]} 38. Rc8+
{[%clk 0:05:22]} Kd7 {[%clk 0:00:22]} 39. Rd8+ {[%clk 0:05:23]} Kc6
{[%clk 0:00:26]} 40. Rc8+ {[%clk 0:04:18]} Kd7 {[%clk 0:00:33]} 41. Rf8
{[%clk 0:04:26]} Nd6 {[%clk 0:00:39]} 42. Bc1 {[%clk 0:04:06]} Rb3
{[%clk 0:00:41]} 43. Ra8 {[%clk 0:04:01]} Nb5 {[%clk 0:00:21]} 44. Be3
{[%clk 0:03:00]} Rxb2 {[%clk 0:00:12]} 45. Rb8 {[%clk 0:02:56]} Rb1+
{[%clk 0:00:14]} 46. Kg2 {[%clk 0:03:05]} Nc3 {[%clk 0:00:22]} 47. Ra8
{[%clk 0:02:59]} Nb5 {[%clk 0:00:30]} 48. h4 {[%clk 0:02:26]} Rb3
{[%clk 0:00:30]} 49. Ra5 {[%clk 0:01:58]} Kc6 {[%clk 0:00:29]} 50. Ra8
{[%clk 0:01:57]} Rxd3 {[%clk 0:00:32]} 51. Rf8 {[%clk 0:01:58]} Nxd4
{[%clk 0:00:24]} 52. Rxf7 {[%clk 0:02:06]} Nf5 {[%clk 0:00:32]} 53. Bg5
{[%clk 0:02:11]} Rd4 {[%clk 0:00:35]} 54. Kh3 {[%clk 0:02:07]} Rd3+
{[%clk 0:00:40]} 55. Kh2 {[%clk 0:01:40]} Rd4 {[%clk 0:00:43]} 56. f4
{[%clk 0:01:32]} Rd2+ {[%clk 0:00:47]} 57. Kg1 {[%clk 0:01:37]} d4
{[%clk 0:00:34]} 58. Rf6 {[%clk 0:01:35]} Re2 {[%clk 0:00:36]} 59. Rf8
{[%clk 0:01:01]} d3 {[%clk 0:00:43]} 60. Rd8 {[%clk 0:01:11]} d2 {[%clk 0:00:41]}
61. Rc8+ {[%clk 0:00:58]} Kb7 {[%clk 0:00:46]} 62. Rd8 {[%clk 0:01:02]} Re1+
{[%clk 0:00:42]} 63. Kf2 {[%clk 0:01:11]} d1=Q {[%clk 0:00:51]} 64. Rxd1
{[%clk 0:01:20]} Rxd1 65. Kf3 Kc6 {[%clk 0:01:05]} 66. Ke4 {[%clk 0:01:39]} Re1+
{[%clk 0:01:13]} 67. Kf3 {[%clk 0:01:48]} Kd5 {[%clk 0:01:22]} 68. Bf6
{[%clk 0:01:55]} Re3+ {[%clk 0:01:30]} 69. Kg2 {[%clk 0:02:03]} Ke4
{[%clk 0:01:37]} 70. Bg5 {[%clk 0:02:11]} Rg3+ {[%clk 0:01:43]} 71. Kh2
{[%clk 0:02:21]} Rxg5 {[%clk 0:01:50]} 72. fxg5 {[%clk 0:02:30]} Nxh4
{[%clk 0:01:58]} 0-1

[Event "Team Championship of Russia (rapid)"]
[Site "Sochi"]
[Date "2015.05.09"]
[Round "6.24"]
[White "Konaplev, Anton"]
[Black "Oganian, Miran"]
[Result "1/2-1/2"]
[LiveChessVersion "1.4.4"]
[BlackElo "2433"]
[WhiteElo "2033"]
[WhiteTeam "SHK Rakita"]

1. c4 {[%clk 0:15:19]} Nf6 {[%clk 0:15:17]} 2. Nc3 {[%clk 0:15:26]} e6
{[%clk 0:15:22]} 3. e4 {[%clk 0:15:34]} d5 {[%clk 0:15:30]} 4. cxd5
{[%clk 0:15:38]} exd5 {[%clk 0:15:37]} 5. e5 {[%clk 0:15:46]} Ne4
{[%clk 0:15:37]} 6. d4 {[%clk 0:14:56]} Nxc3 {[%clk 0:14:13]} 7. bxc3
{[%clk 0:15:04]} c5 {[%clk 0:14:21]} 8. Nf3 {[%clk 0:14:37]} Nc6 {[%clk 0:14:22]}
9. Be2 {[%clk 0:14:27]} cxd4 {[%clk 0:13:32]} 10. cxd4 {[%clk 0:14:32]} Bb4+
{[%clk 0:13:41]} 11. Bd2 {[%clk 0:14:35]} Qa5 {[%clk 0:13:49]} 12. Bxb4
{[%clk 0:14:21]} Qxb4+ {[%clk 0:13:35]} 13. Qd2 {[%clk 0:14:30]} Bf5
{[%clk 0:11:01]} 14. Qxb4 {[%clk 0:12:40]} Nxb4 {[%clk 0:11:10]} 15. Kd2
{[%clk 0:12:41]} Rc8 {[%clk 0:09:15]} 16. Rhc1 {[%clk 0:11:36]} Ke7
{[%clk 0:08:05]} 17. a3 {[%clk 0:10:15]} Nc6 {[%clk 0:07:55]} 18. Rc5
{[%clk 0:09:17]} b6 {[%clk 0:03:53]} 19. Rxd5 {[%clk 0:08:23]} Be4
{[%clk 0:04:02]} 20. Rd6 {[%clk 0:07:51]} Rhd8 {[%clk 0:03:07]} 21. Ke3
{[%clk 0:03:38]} Bxf3 {[%clk 0:02:51]} 22. Rxd8 {[%clk 0:02:59]} Rxd8
{[%clk 0:02:33]} 23. Bxf3 {[%clk 0:03:08]} Nxd4 {[%clk 0:02:33]} 24. Be4
{[%clk 0:03:06]} Nb3 {[%clk 0:01:54]} 25. Rb1 {[%clk 0:02:58]} Nd2
{[%clk 0:00:20]} 26. Rb4 {[%clk 0:02:49]} a5 {[%clk 0:00:29]} 27. Rd4
{[%clk 0:02:16]} Rxd4 {[%clk 0:00:22]} 28. Kxd4 {[%clk 0:02:25]} Nxe4
{[%clk 0:00:26]} 29. Kxe4 {[%clk 0:02:33]} b5 {[%clk 0:00:35]} 30. Kd5
{[%clk 0:02:35]} g5 {[%clk 0:00:26]} 31. Kc5 {[%clk 0:01:58]} b4 {[%clk 0:00:34]}
32. axb4 {[%clk 0:02:07]} axb4 {[%clk 0:00:41]} 33. Kxb4 {[%clk 0:02:14]} Ke6
{[%clk 0:00:51]} 34. Kc3 {[%clk 0:01:22]} Kxe5 {[%clk 0:00:56]} 35. Kd3
{[%clk 0:01:29]} f5 {[%clk 0:00:58]} 36. g3 {[%clk 0:00:45]} h5 {[%clk 0:00:49]}
37. f3 {[%clk 0:00:25]} f4 {[%clk 0:00:16]} 38. gxf4+ {[%clk 0:00:20]} Kxf4
{[%clk 0:00:21]} 39. Ke2 {[%clk 0:00:29]} Kf5 {[%clk 0:00:14]} 40. Kf2
{[%clk 0:00:36]} Kf4 {[%clk 0:00:18]} 41. Ke2 {[%clk 0:00:46]} h4
{[%clk 0:00:22]} 42. Kf2 {[%clk 0:00:51]} Kf5 {[%clk 0:00:20]} 43. Ke2
{[%clk 0:00:57]} Ke5 {[%clk 0:00:22]} 44. Ke3 {[%clk 0:01:07]} h3
{[%clk 0:00:20]} 45. Kf2 {[%clk 0:00:48]} Kf4 {[%clk 0:00:26]} 46. Ke2
{[%clk 0:00:56]} Ke5 {[%clk 0:00:31]} 47. Kf2 {[%clk 0:01:05]} Kf4
{[%clk 0:00:20]} 48. Ke2 {[%clk 0:01:14]} Ke5 {[%clk 0:00:29]} 49. Kf2
{[%clk 0:01:23]} Kf4 {[%clk 0:00:17]} 50. Ke2 {[%clk 0:01:32]} Ke5
{[%clk 0:00:26]} 51. Kf2 {[%clk 0:01:41]} Kd4 {[%clk 0:00:27]} 52. Kg3
{[%clk 0:01:49]} Ke3 {[%clk 0:00:36]} 53. Kxh3 {[%clk 0:01:49]} Kxf3
{[%clk 0:00:45]} 1/2-1/2

[Event "Team Championship of Russia (rapid)"]
[Site "Sochi"]
[Date "2015.05.09"]
[Round "6.25"]
[White "Yudin, Sergei"]
[Black "Iljin, Artem"]
[Result "1-0"]
[LiveChessVersion "1.4.4"]
[BlackElo "2506"]
[WhiteElo "2642"]
[BlackTeam "Ladya-2"]
[WhiteTeam "Polytechnic"]

1. e4 {[%clk 0:15:17]} c5 {[%clk 0:15:12]} 2. Nf3 {[%clk 0:15:24]} e6
{[%clk 0:15:16]} 3. b3 {[%clk 0:15:32]} Nc6 {[%clk 0:14:29]} 4. Bb2
{[%clk 0:15:39]} d6 {[%clk 0:14:24]} 5. d4 {[%clk 0:15:37]} cxd4 {[%clk 0:14:31]}
6. Nxd4 {[%clk 0:15:45]} Nf6 {[%clk 0:14:38]} 7. Bd3 {[%clk 0:15:51]} Be7
{[%clk 0:13:28]} 8. O-O {[%clk 0:15:57]} O-O {[%clk 0:13:24]} 9. Nd2
{[%clk 0:16:04]} Bd7 {[%clk 0:12:07]} 10. c4 {[%clk 0:15:22]} Nxd4
{[%clk 0:12:11]} 11. Bxd4 {[%clk 0:15:29]} Bc6 {[%clk 0:12:20]} 12. Qe2
{[%clk 0:15:23]} Nd7 {[%clk 0:12:13]} 13. Rad1 {[%clk 0:14:49]} a6
{[%clk 0:11:10]} 14. f4 {[%clk 0:14:37]} e5 {[%clk 0:10:58]} 15. Bc3
{[%clk 0:14:25]} exf4 {[%clk 0:10:53]} 16. Rxf4 {[%clk 0:14:32]} Bf6
{[%clk 0:10:37]} 17. Bxf6 {[%clk 0:14:34]} Nxf6 {[%clk 0:10:45]} 18. Rdf1
{[%clk 0:14:30]} Nd7 {[%clk 0:09:42]} 19. Kh1 {[%clk 0:14:38]} Ne5
{[%clk 0:09:42]} 20. Nf3 {[%clk 0:14:45]} Qe7 {[%clk 0:09:05]} 21. Nd4
{[%clk 0:14:42]} g6 {[%clk 0:08:59]} 22. Bc2 {[%clk 0:14:37]} Bd7
{[%clk 0:07:39]} 23. b4 {[%clk 0:14:28]} a5 {[%clk 0:07:32]} 24. bxa5
{[%clk 0:14:14]} Rxa5 {[%clk 0:07:23]} 25. Bb3 {[%clk 0:14:22]} Rc5
{[%clk 0:07:14]} 26. Nc2 {[%clk 0:14:17]} b5 {[%clk 0:06:44]} 27. cxb5
{[%clk 0:13:55]} Bxb5 {[%clk 0:06:48]} 28. Qd2 {[%clk 0:14:00]} Bxf1
{[%clk 0:06:48]} 29. Rxf1 {[%clk 0:14:09]} Kg7 {[%clk 0:06:24]} 30. Ne3
{[%clk 0:14:12]} Rfc8 {[%clk 0:06:09]} 31. Nd5 {[%clk 0:14:10]} Qh4
{[%clk 0:05:35]} 32. Nf4 {[%clk 0:13:31]} R8c6 {[%clk 0:04:44]} 33. h3
{[%clk 0:13:37]} Rc3 {[%clk 0:03:27]} 34. Qb2 {[%clk 0:12:15]} Qg3
{[%clk 0:01:47]} 35. Nd5 {[%clk 0:09:59]} Rd3 {[%clk 0:00:54]} 36. Nb4
{[%clk 0:09:19]} Rxb3 {[%clk 0:00:33]} 37. axb3 {[%clk 0:09:10]} Rb6
{[%clk 0:00:21]} 38. Qd4 {[%clk 0:09:09]} Rb5 {[%clk 0:00:15]} 39. Qxd6
{[%clk 0:09:09]} Qg5 {[%clk 0:00:15]} 40. Qd4 {[%clk 0:08:53]} Kh6
{[%clk 0:00:12]} 41. Nd5 {[%clk 0:08:37]} Rxb3 {[%clk 0:00:18]} 42. Nf6
{[%clk 0:08:45]} Rg3 {[%clk 0:00:16]} 43. Qd8 {[%clk 0:08:53]} Qe3
{[%clk 0:00:17]} 44. Qf8+ {[%clk 0:08:40]} Kg5 {[%clk 0:00:26]} 45. Nxh7+
{[%clk 0:08:30]} Kh5 {[%clk 0:00:33]} 46. Nf6+ {[%clk 0:08:33]} Kg5
{[%clk 0:00:42]} 47. Qh8 {[%clk 0:08:33]} Nf3 {[%clk 0:00:13]} 48. gxf3
{[%clk 0:07:59]} Qe2 {[%clk 0:00:12]} 49. f4# {[%clk 0:08:06]} 1-0

[Event "Team Championship of Russia (rapid)"]
[Site "Sochi"]
[Date "2015.05.09"]
[Round "6.26"]
[White "Rodchenkov, Sergey D."]
[Black "Goganov, Aleksey"]
[Result "0-1"]
[LiveChessVersion "1.4.4"]
[BlackElo "2500"]
[WhiteElo "2299"]
[BlackTeam "Polytechnic"]
[WhiteTeam "Ladya-2"]

1. d4 {[%clk 0:15:02]} Nf6 {[%clk 0:15:19]} 2. Nf3 {[%clk 0:15:11]} c5
{[%clk 0:15:22]} 3. e3 {[%clk 0:14:49]} d5 {[%clk 0:15:14]} 4. c4
{[%clk 0:14:52]} cxd4 {[%clk 0:15:10]} 5. exd4 {[%clk 0:14:57]} g6
{[%clk 0:15:17]} 6. Nc3 {[%clk 0:14:56]} Bg7 {[%clk 0:15:23]} 7. cxd5
{[%clk 0:14:54]} Nxd5 {[%clk 0:15:12]} 8. Bb5+ {[%clk 0:13:23]} Bd7
{[%clk 0:14:59]} 9. Bxd7+ {[%clk 0:11:51]} Qxd7 {[%clk 0:15:00]} 10. O-O
{[%clk 0:11:56]} Nc6 {[%clk 0:14:46]} 11. Re1 {[%clk 0:11:41]} Rd8
{[%clk 0:12:45]} 12. Bg5 {[%clk 0:11:32]} Nxc3 {[%clk 0:12:08]} 13. bxc3
{[%clk 0:11:39]} O-O {[%clk 0:12:17]} 14. Rb1 {[%clk 0:11:38]} b6
{[%clk 0:12:20]} 15. Qe2 {[%clk 0:11:26]} Rfe8 {[%clk 0:12:24]} 16. Rbd1
{[%clk 0:11:20]} Qf5 {[%clk 0:11:52]} 17. h3 {[%clk 0:10:54]} Rd7
{[%clk 0:11:35]} 18. Rd3 {[%clk 0:09:03]} Qb5 {[%clk 0:10:57]} 19. Bh4
{[%clk 0:08:20]} Na5 {[%clk 0:08:56]} 20. Ng5 {[%clk 0:07:26]} Qd5
{[%clk 0:08:02]} 21. Rf3 {[%clk 0:07:13]} Rf8 {[%clk 0:07:28]} 22. Re3 Nc6
{[%clk 0:07:20]} 23. Nf3 {[%clk 0:07:13]} e6 {[%clk 0:05:37]} 24. Ng5
{[%clk 0:06:32]} e5 {[%clk 0:05:40]} 25. dxe5 {[%clk 0:06:25]} Nxe5
{[%clk 0:05:46]} 26. Ne4 {[%clk 0:05:54]} Nd3 {[%clk 0:04:43]} 27. Rf1
{[%clk 0:05:34]} f5 {[%clk 0:04:46]} 28. Ng5 {[%clk 0:05:16]} Nf4
{[%clk 0:04:52]} 29. Qf3 {[%clk 0:05:18]} Qxf3 {[%clk 0:04:59]} 30. Nxf3
{[%clk 0:05:26]} Bxc3 {[%clk 0:04:05]} 31. Bg3 Nd5 {[%clk 0:04:08]} 32. Rd1
{[%clk 0:05:03]} Bf6 {[%clk 0:03:10]} 33. Red3 {[%clk 0:05:09]} Rfd8
{[%clk 0:03:08]} 34. Ne5 {[%clk 0:05:07]} Bxe5 {[%clk 0:03:13]} 35. Bxe5
{[%clk 0:05:16]} Nf6 {[%clk 0:03:08]} 36. Rxd7 {[%clk 0:05:25]} Rxd7
{[%clk 0:03:17]} 37. Rc1 {[%clk 0:05:34]} Kf7 {[%clk 0:03:06]} 38. Rc6
{[%clk 0:05:09]} Ne4 {[%clk 0:02:42]} 39. f3 {[%clk 0:05:16]} Nc5
{[%clk 0:02:49]} 40. f4 {[%clk 0:05:06]} Ne6 {[%clk 0:02:23]} 41. Kh2
{[%clk 0:04:52]} Rd5 {[%clk 0:02:07]} 42. Bb8 {[%clk 0:04:21]} Ra5
{[%clk 0:02:01]} 43. Rc2 {[%clk 0:04:30]} Ra4 {[%clk 0:02:06]} 44. Rd2
{[%clk 0:04:25]} Nc5 {[%clk 0:01:59]} 45. Re2 {[%clk 0:04:31]} a6
{[%clk 0:01:51]} 46. Ba7 {[%clk 0:04:20]} Nd7 {[%clk 0:01:40]} 47. Rd2
{[%clk 0:04:20]} Ke6 {[%clk 0:01:47]} 48. Rb2 {[%clk 0:04:25]} b5
{[%clk 0:01:45]} 49. Kg3 {[%clk 0:04:30]} Nf6 {[%clk 0:01:49]} 50. Bb8
{[%clk 0:04:36]} Ne4+ {[%clk 0:01:42]} 51. Kh4 {[%clk 0:04:40]} h6
{[%clk 0:01:33]} 52. g4 {[%clk 0:04:49]} Ra3 {[%clk 0:01:29]} 53. Re2
{[%clk 0:04:51]} g5+ {[%clk 0:01:15]} 54. fxg5 {[%clk 0:04:55]} hxg5+
{[%clk 0:01:24]} 55. Kh5 {[%clk 0:05:04]} Kf6 {[%clk 0:01:28]} 56. Rh2
{[%clk 0:05:09]} Rc3 {[%clk 0:00:46]} 57. Ba7 {[%clk 0:05:13]} Rd3
{[%clk 0:00:23]} 58. Kh6 {[%clk 0:04:42]} Rd8 {[%clk 0:00:26]} 0-1

[Event "Team Championship of Russia (rapid)"]
[Site "Sochi"]
[Date "2015.05.09"]
[Round "6.27"]
[White "Krutko, Anatoly"]
[Black "Gerasimov, Ivan"]
[Result "1/2-1/2"]
[LiveChessVersion "1.4.4"]
[BlackElo "2311"]
[WhiteElo "2486"]
[BlackTeam "Ladya-2"]

1. g3 {[%clk 0:15:17]} d5 {[%clk 0:15:01]} 2. Bg2 {[%clk 0:15:26]} Nf6
{[%clk 0:15:01]} 3. Nf3 {[%clk 0:15:34]} c6 {[%clk 0:15:06]} 4. O-O
{[%clk 0:15:41]} Bg4 {[%clk 0:15:08]} 5. d3 {[%clk 0:15:38]} Nbd7
{[%clk 0:15:01]} 6. c4 {[%clk 0:15:35]} e6 {[%clk 0:15:03]} 7. Nc3
{[%clk 0:15:39]} Bd6 {[%clk 0:14:35]} 8. b3 {[%clk 0:14:57]} O-O {[%clk 0:14:28]}
9. Bb2 {[%clk 0:15:06]} Qe7 {[%clk 0:14:27]} 10. a3 {[%clk 0:15:11]} a5
{[%clk 0:14:23]} 11. Qc2 {[%clk 0:15:17]} Rac8 {[%clk 0:14:08]} 12. h3
{[%clk 0:15:11]} Bxf3 {[%clk 0:12:48]} 13. Bxf3 {[%clk 0:14:23]} d4
{[%clk 0:10:39]} 14. Nd1 {[%clk 0:13:32]} e5 {[%clk 0:10:34]} 15. e3
{[%clk 0:13:40]} c5 {[%clk 0:07:09]} 16. Bxb7 {[%clk 0:12:25]} Rb8
{[%clk 0:07:19]} 17. Bg2 {[%clk 0:11:46]} Rb6 {[%clk 0:07:28]} 18. Re1
{[%clk 0:11:16]} Qd8 {[%clk 0:07:17]} 19. Bc1 {[%clk 0:08:17]} Qb8
{[%clk 0:07:16]} 20. Bd2 {[%clk 0:07:58]} Rxb3 {[%clk 0:04:29]} 21. Bxa5
{[%clk 0:08:06]} e4 {[%clk 0:03:30]} 22. dxe4 {[%clk 0:07:35]} d3
{[%clk 0:03:39]} 23. Qc1 {[%clk 0:07:29]} Re8 {[%clk 0:03:32]} 24. Nc3
{[%clk 0:05:51]} Qa7 {[%clk 0:02:06]} 25. Qd1 {[%clk 0:05:48]} Reb8
{[%clk 0:02:16]} 26. Nb5 {[%clk 0:02:52]} R3xb5 {[%clk 0:01:34]} 27. cxb5
{[%clk 0:03:01]} Qxa5 {[%clk 0:01:42]} 28. Qxd3 {[%clk 0:03:08]} Be5
{[%clk 0:01:45]} 29. Rab1 {[%clk 0:03:12]} Qa4 {[%clk 0:01:32]} 30. f4
{[%clk 0:03:11]} c4 {[%clk 0:01:41]} 31. Qd1 {[%clk 0:03:15]} Qxa3
{[%clk 0:01:21]} 32. fxe5 {[%clk 0:03:23]} Nxe5 {[%clk 0:01:29]} 33. Qd4
{[%clk 0:03:08]} Nfd7 {[%clk 0:01:18]} 34. b6 {[%clk 0:01:47]} Qa5
{[%clk 0:00:54]} 35. Red1 {[%clk 0:01:03]} h5 {[%clk 0:00:52]} 36. b7
{[%clk 0:00:49]} Qc7 {[%clk 0:01:01]} 37. Qd5 {[%clk 0:00:43]} Nf6
{[%clk 0:00:25]} 38. Qd4 {[%clk 0:00:28]} Nfd7 {[%clk 0:00:23]} 39. Qd6
{[%clk 0:00:20]} Rxb7 {[%clk 0:00:31]} 40. Qxc7 {[%clk 0:00:19]} Rxc7
{[%clk 0:00:40]} 41. Bf1 {[%clk 0:00:26]} Nc5 {[%clk 0:00:39]} 42. Rd5
{[%clk 0:00:25]} f6 {[%clk 0:00:42]} 43. Rxe5 {[%clk 0:00:23]} fxe5
{[%clk 0:00:48]} 44. Bxc4+ {[%clk 0:00:32]} Kh7 {[%clk 0:00:56]} 45. Rb6
{[%clk 0:00:27]} g6 {[%clk 0:00:51]} 46. Bd5 {[%clk 0:00:28]} Nd3
{[%clk 0:00:50]} 47. Kf1 {[%clk 0:00:27]} Rc2 {[%clk 0:00:48]} 48. h4
{[%clk 0:00:16]} Rf2+ 49. Kg1 Rf3 {[%clk 0:00:55]} 50. Kg2 {[%clk 0:00:34]} Rf2+
{[%clk 0:00:38]} 51. Kg1 {[%clk 0:00:33]} Rf3 {[%clk 0:00:48]} 52. Kg2
{[%clk 0:00:43]} Rf2+ {[%clk 0:00:57]} 53. Kh3 {[%clk 0:00:50]} Re2
{[%clk 0:01:00]} 54. Bf7 {[%clk 0:00:47]} Nf2+ {[%clk 0:01:06]} 55. Kg2
{[%clk 0:00:57]} Ng4+ {[%clk 0:01:07]} 56. Kg1 {[%clk 0:01:05]} Re1+
{[%clk 0:01:15]} 57. Kg2 {[%clk 0:01:11]} Re2+ {[%clk 0:01:24]} 1/2-1/2

[Event "Team Championship of Russia (rapid)"]
[Site "Sochi"]
[Date "2015.05.09"]
[Round "6.28"]
[White "Torbin, Kirill"]
[Black "Pogromsky, Mikhail"]
[Result "1/2-1/2"]
[LiveChessVersion "1.4.4"]
[BlackElo "2428"]
[WhiteElo "2344"]
[BlackTeam "Polytechnic"]
[WhiteTeam "Ladya-2"]

1. d4 {[%clk 0:15:19]} Nf6 {[%clk 0:15:16]} 2. Nf3 {[%clk 0:15:27]} e6
{[%clk 0:15:20]} 3. c4 {[%clk 0:15:36]} c5 {[%clk 0:15:27]} 4. dxc5
{[%clk 0:15:44]} Bxc5 {[%clk 0:15:34]} 5. e3 {[%clk 0:15:52]} O-O
{[%clk 0:15:22]} 6. a3 {[%clk 0:16:00]} b6 {[%clk 0:15:31]} 7. b4
{[%clk 0:16:05]} Be7 {[%clk 0:15:40]} 8. Bb2 {[%clk 0:16:12]} Bb7
{[%clk 0:15:48]} 9. Nbd2 {[%clk 0:16:20]} d5 {[%clk 0:14:57]} 10. Be2
{[%clk 0:16:27]} Nc6 {[%clk 0:14:25]} 11. O-O {[%clk 0:16:28]} Rc8
{[%clk 0:14:30]} 12. Qb3 {[%clk 0:16:30]} Qc7 {[%clk 0:14:26]} 13. Rac1
{[%clk 0:16:05]} Qb8 {[%clk 0:14:29]} 14. Qa2 {[%clk 0:16:07]} Rfd8
{[%clk 0:14:15]} 15. Rfd1 {[%clk 0:16:15]} Qa8 {[%clk 0:12:46]} 16. Qa1
{[%clk 0:15:18]} dxc4 {[%clk 0:12:17]} 17. Nxc4 {[%clk 0:15:14]} b5
{[%clk 0:12:21]} 18. Ncd2 {[%clk 0:15:17]} a5 {[%clk 0:11:46]} 19. bxa5
{[%clk 0:14:33]} Qxa5 {[%clk 0:11:15]} 20. Nb3 {[%clk 0:14:32]} Qb6
{[%clk 0:11:13]} 21. Nbd4 {[%clk 0:14:06]} b4 {[%clk 0:10:22]} 22. Nxc6
{[%clk 0:14:05]} Rxd1+ {[%clk 0:10:22]} 23. Rxd1 {[%clk 0:13:07]} Bxc6
{[%clk 0:10:25]} 24. axb4 {[%clk 0:13:03]} Qxb4 {[%clk 0:10:13]} 25. Ne5
{[%clk 0:12:00]} Be4 {[%clk 0:07:39]} 26. Bf3 {[%clk 0:09:48]} 1/2-1/2